Sosem késő- Jan Mukařovský: Szemiológia és esztétika

Bibliographic Details
Main Author: Kisantal, Tamás, 1975- (Author)
Other Authors: Juhász, József R., 1963- (Illustrator)
Format: Article
Language:Hungarian
PhysicalDescription:Obr.
ISSN:1335-6321
Subjects:

MARC

LEADER 00000nab a2200000 ar4500
001 vtls009284831
003 SK-MaSNL
005 20260318123559.0
008 080414c2008 xo |||||||b|o|000 b|hun
015 |a SNBRB2008/04  |2 snkbucl 
038 |a SNKBUCL 
040 |a DSZK  |b slo  |c DSZK  |e AACR2 
041 0 |a hun 
044 |a xo  |c SK 
080 |a 82.0  |x (048)  |2 1997 
080 |a 7.01:111.852  |x (048)  |2 1997 
080 |a 81`22  |x (048)  |2 1997 
100 1 |a Kisantal, Tamás,  |d 1975-  |4 aut  |9 598582 
245 1 0 |a Sosem késő-  |b Jan Mukařovský: Szemiológia és esztétika  |c Kisantal Tamás ; illusztrálta Juhász R. József 
300 |b Obr. 
504 |a Bibliogr. odkazy 
650 0 7 |a teória literatúry  |2 snkbucl  |9 1238 
650 0 7 |a estetika  |2 snkbucl  |9 791 
650 0 7 |a semiológia  |2 snkbucl  |9 526791 
655 7 |a recenzie  |2 snkbucl  |9 21907 
700 1 |a Juhász, József R.,  |d 1963-  |4 ill  |9 105938 
773 0 |t Szőrös kő : irodalom, művészet, kritika  |g Évf. 13, sz. 1 (2008), o. 38-42  |x 1335-6321 
787 0 8 |i Rec.:  |a Mukařovský, Jan, 1891-1975  |t Szemiológia és esztétika  |d Pozsony : Kalligram, 2007 
852 |a SNK  |b KIS3GCP 
852 |a DSZK  |b KIS3GCP 
958 |a HU 
958 |a CZ 
958 |a LX 
958 |a RC 
958 |a NB 
999 |c 2645385  |d 2647315